| 000 | 00951 a2200169 4500 | ||
|---|---|---|---|
| 003 | Nust | ||
| 005 | 20230301160124.0 | ||
| 040 | _cNust | ||
| 082 | _a330,COL | ||
| 100 |
_aCole.G.D.H _949394 |
||
| 245 |
_aThe Intelligent Man's Guide Through World Chaos / _cG D H Cole |
||
| 260 |
_aLondon _bVictor Gollancz |
||
| 300 | _a680:p | ||
| 505 | _aThe World Crises, An Introductory Survey (Page-17), The Economic Consequences Of The War (Page-69), Two Centuries Of Economic Growth (Page-112), The Economic System In Theory And Practice (Page-150), Prices And The Price Level (Page-186), Money, Credit And Capital (Page-216), Unemployment And Industrial Fluctuations (Page-311), Foreign Trade And Fiscal Policy (Page-351), Public Finance And Taxation (Page-432), Economic Organization (Page-483), The Challenge Of Russia (Page-526), Alternatives To Capitalism (Page-572), The World Outlook (Page-627). | ||
| 650 |
_aWorld Chaos _9109696 |
||
| 942 |
_2ddc _cBK |
||
| 999 |
_c184522 _d184522 |
||